000 01021 a2200241 4500
005 20260203162229.0
008 260203b |||||||| |||| 00| 0 eng d
020 _a9789387919037 (hbk)
037 _cTB
040 _aCRL
_cCRL
041 _2hin
_ahin
084 _aO152,1NMAx Q8
_qCRL
100 _aमंडलोई, लीलाधर
_9860657
245 _aजलावतन
260 _aनयी दिल्ली, भारत:
_bभारतीय ज्ञानपीठ,
_c2018.
300 _a117पृ.
365 _b200.00
_cINR
490 _aलोकोदय ग्रंथमाला : ग्रंथांक 1349
650 _aहिन्दी साहित्य
_91113459
650 _aहिन्दी कविता
_91113460
942 _cTB
_2CC
_n0
_hO152,1NMAx Q8
999 _c1466687
_d1466687